| 000 | 01156nam a2200253 a 4500 | ||
|---|---|---|---|
| 001 | 000026222 | ||
| 005 | 20250701132841.0 | ||
| 008 | 110307s1991 dr 000 0 spa d | ||
| 040 |
_aDO-SdBNP _bspa _cBNPHU |
||
| 082 |
_a338.97293 _bC175m |
||
| 245 | 0 | 0 |
_aCambios mundiales, desarrollo y concertación social / _cedición y prólogo Víctor Grimaldi. |
| 260 |
_aSanto Domingo : _bClub de Ejecutivos de Santo Domingo, _c1991. |
||
| 300 |
_a159 p. ; _c23 cm. |
||
| 500 | _aIncluye los trabajos presentados en el encuentro sobre "Cambios mundiales, desarrollo y concertación social" celebrado el 5 de agosto de 1991, en el Club de ejecutivos de Santo Domingo. | ||
| 504 | _aIncluye referencias bibliográficas y notas al pie de las páginas. | ||
| 590 | _aInventariado, 2019/MFF | ||
| 650 | 0 |
_aDesarrollo económico _985548 |
|
| 651 | 4 |
_aRepública Dominicana _xCondiciones Económicas _9281 |
|
| 650 | 4 |
_aPotencial de crecimiento _zRepública Dominicana _912741 |
|
| 650 | 4 |
_aCrecimiento económico _98530 |
|
| 650 | 4 |
_aPlanificación estratégica _92433 |
|
| 700 | 1 |
_aGrimaldi, Víctor, _d1949- _eed. _91699 |
|
| 910 | _aValidado. Control de calidad EMS | ||
| 999 |
_c25714 _d25714 |
||